LIBRARY & INFORMATION CENTRE, KCAET, TAVANUR

ONLINE PUBLIC ACCESS CATALOGUE (OPAC)

Genetic engineering / (Record no. 13176)

MARC details
000 -LEADER
fixed length control field 00505cam a2200205ua 4500
041 ## - LANGUAGE CODE
Language code of text/sound track or separate title eng
082 ## - DEWEY DECIMAL CLASSIFICATION NUMBER
Classification number 575.10724
Item number WIL/GE
100 ## - MAIN ENTRY--AUTHOR NAME
Personal name Williams, J .
245 ## - TITLE STATEMENT
Title Genetic engineering /
250 ## - EDITION STATEMENT
Edition statement 2 /
260 ## - PUBLICATION, DISTRIBUTION, ETC. (IMPRINT)
Place of publication Oxford :
Name of publisher Bios Scientific Publishers ,
Year of publication 2001.
300 ## - PHYSICAL DESCRIPTION
Number of Pages 150 ; .
700 1# - ADDED ENTRY--PERSONAL NAME
Personal name Ceccarelli, A .
700 1# - ADDED ENTRY--PERSONAL NAME
Personal name Wallace, A .
942 ## - ADDED ENTRY ELEMENTS (KOHA)
Koha item type Books
Holdings
Withdrawn status Lost status Damaged status Home library Current library Date acquired Full call number Accession Number Koha item type
      KAUAET KAUAET 07/04/2012 575.10724 WIL/GE 21318 Books
free website counter